Statistics for All 5-Letter Words Starting with “H”

Click here to take the quiz!

General Stats

  • This quiz has been taken 229 times
    (78 since last reset)
  • The average score is 167 of 359

Answer Stats

Word% Correct
happy
96%
hands
93%
hacks
91%
hells
91%
holes
91%
hopes
91%
heart
89%
hills
89%
hates
87%
haven
87%
homes
87%
hears
85%
heats
85%
hicks
85%
hikes
85%
hoops
85%
hoots
85%
hoped
85%
hated
83%
hater
83%
hunts
83%
hails
81%
hales
81%
halls
81%
handy
81%
heads
81%
hiker
81%
hilly
81%
holds
81%
horns
81%
hardy
80%
haste
80%
hiked
80%
hoper
80%
hurts
80%
hairs
78%
heals
78%
hello
78%
hinds
78%
hippy
78%
hires
78%
homer
78%
honey
78%
horse
78%
hoses
78%
house
78%
harms
76%
harts
76%
haves
76%
hives
76%
hocks
76%
hooks
76%
hosts
76%
hours
76%
hulls
76%
hairy
74%
hangs
74%
hards
74%
haver
74%
hired
74%
holed
74%
holly
74%
homed
74%
hones
74%
hound
74%
h****
72%
halts
72%
hasty
72%
heaps
72%
hecks
72%
helps
72%
heros
72%
hides
72%
hints
72%
honed
72%
hover
72%
humps
72%
haled
70%
hanks
70%
hares
70%
harks
70%
hatch
70%
heard
70%
heels
70%
herds
70%
hoods
70%
hoppy
70%
hurls
70%
harps
69%
highs
69%
hubby
69%
huggy
69%
haler
67%
harry
67%
hazes
67%
hinge
67%
hirer
67%
hitch
67%
hoofs
67%
hosed
67%
hulks
67%
hunks
67%
hymns
67%
halos
65%
halve
65%
hammy
65%
hazed
65%
heave
65%
heeds
65%
hexes
65%
hobby
65%
holey
65%
honer
65%
hyper
65%
habit
63%
heath
63%
heavy
63%
hemps
63%
heres
63%
hider
63%
hilts
63%
hived
63%
hoser
63%
howls
63%
hurry
63%
harpy
61%
hazer
61%
hoard
61%
honks
61%
hoody
61%
hooky
61%
hotel
61%
hutch
61%
hakes
59%
hanky
59%
harem
59%
heady
59%
hippo
59%
homey
59%
honor
59%
huffy
59%
huger
59%
hypes
59%
hades
57%
hawks
57%
hedge
57%
hefty
57%
helms
57%
hissy
57%
horde
57%
hotty
57%
hucks
57%
huffs
57%
humpy
57%
hunky
57%
husks
57%
hussy
57%
harsh
56%
hauls
56%
haunt
56%
hexed
56%
hexer
56%
hooty
56%
hoist
54%
hovel
54%
humor
54%
husky
54%
hazel
52%
hunch
52%
hyped
52%
hared
50%
hayed
50%
heirs
50%
herbs
50%
hewed
50%
hewer
50%
holts
50%
human
50%
hided
48%
hokes
48%
humid
48%
hefts
46%
heist
46%
homos
46%
hotch
46%
hallo
44%
hayer
44%
horsy
44%
howes
44%
hulky
44%
humus
44%
hymen
44%
heils
43%
hence
43%
hiree
43%
hoked
43%
hants
41%
haute
41%
henna
41%
herby
41%
heron
41%
hoars
41%
hooch
41%
hosen
41%
hosey
41%
halms
39%
harls
39%
helos
39%
hempy
39%
herms
39%
hests
39%
hokey
39%
hahas
37%
herls
37%
hijab
37%
hobos
37%
holla
37%
honda
37%
hyena
37%
hypos
37%
hawed
35%
herns
35%
hoers
35%
holms
35%
hooly
35%
hydro
35%
hajis
33%
halal
33%
hames
33%
hasps
33%
hents
33%
howdy
33%
hydra
33%
haded
31%
heapy
31%
helix
31%
hinky
31%
hinny
31%
hollo
31%
holme
31%
hongs
31%
hooey
31%
horks
31%
hosel
31%
hulas
31%
hurly
31%
hurst
31%
haars
30%
halon
30%
hanse
30%
horas
30%
horst
30%
hullo
30%
haiku
28%
hance
28%
heigh
28%
hemes
28%
hertz
28%
hoggs
28%
hooka
28%
hafts
26%
halva
26%
hists
26%
hoary
26%
holks
26%
homie
26%
hotly
26%
haram
24%
haugh
24%
helio
24%
helve
24%
hemic
24%
herma
24%
hurds
24%
habus
22%
hajji
22%
halma
22%
hansa
22%
helot
22%
herry
22%
horal
22%
haiks
20%
henge
20%
hillo
20%
hocus
20%
hogan
20%
homas
20%
hosta
20%
howks
20%
humic
20%
hying
20%
haika
19%
hakus
19%
hedgy
19%
hemal
19%
henry
19%
hilus
19%
hoise
19%
howff
19%
haint
17%
hajes
17%
hamal
17%
haply
17%
hazan
17%
heths
17%
hadal
15%
haets
15%
halid
15%
happi
15%
hemin
15%
hilum
15%
hongi
15%
howfs
15%
hoyas
15%
humph
15%
hadji
13%
haems
13%
halwa
13%
haulm
13%
heugh
13%
hakim
11%
havoc
11%
hawse
11%
hight
11%
hilar
11%
himbo
11%
hoyle
11%
huzza
11%
haafs
9%
hayey
9%
heder
9%
heuch
9%
hafiz
7%
hijra
7%
hokum
7%
honan
7%
horah
7%
hyoid
7%
hyrax
7%
hamza
6%
heeze
6%
hevea
6%
hiply
6%
hoagy
6%
hwyls
6%
hylas
6%
hacek
4%
hadst
4%
hapax
4%
hexyl
4%
hoick
4%
hokku
4%
houri
4%
hypha
4%
hyson
4%
haick
2%
hexad
2%
hodad
2%
hopak
2%

Score Distribution

Percentile by Number Answered

Percent of People with Each Score

Your Score History

You have not taken this quiz since the last reset